000 00472nam a2200181Ia 4500
001 8005
005 20260306160537.0
008 260306t2010||||xx |||||||||||||| ||spa||
041 _aESP
082 _a370.007
_bP27
100 _aPascual, Liliana
_eAUT
245 0 _aEducación, familia y escuela:
_bel desarrollo infantil y el rendimiento escolar
260 _c2010
300 _a177 páginas :
_c22 cm.
650 _aGEN
654 _aCED
942 _cLIB
_dJUS
_fJUS
_2ddc
_n
999 _c8005
_d8005